000 00297nam a22001337a 4500
008 171013b xxu||||| |||| 00| 0 eng d
020 _a9780130813589
041 _aeng
080 _25 ED
_a316
100 _a50
101 _aSOC
245 _aSEEING OURSELVES
_cMACIONIS.J.J
942 _2udc
_cBK
999 _c33570
_d33570